00307 2200133 4500001002100000005001500021035002000036245003400056100001600090260003400106082000800140084001400148990001100162INLIS00000000000244320250604102559 a0010-06250000291 aSetanggi Timur /cAmir Hamzah0 aAmir Hamzah aJakarta :bDian Rakyat,c1993 a800 a800 AMI s a954192